000 00734cam a22002414a 4500
001 13508181
005 20250123120405.0
008 040302s2005 maua 001 0 eng
020 _a9780072844375
050 0 0 _aRA777.3
_b.P39 2005
082 0 0 _a613/.0434
_222
100 1 _aPayne, Wayne A.
245 1 0 _aUnderstanding your health /
_cWayne A. Payne, Dale B. Hahn, Ellen Mauer.
250 _a8th ed.
260 _aBoston :
_bMcGraw-Hill,
_cc2005.
300 _a1 v. (various pagings) :
_bcol. ill. ;
_c28 cm. +
_e1 CD-ROM (4 3/4 in.)
500 _aIncludes index.
650 0 _aHealth.
650 0 _aCollege students
_xHealth and hygiene.
700 1 _aHahn, Dale B.
700 1 _aMauer, Ellen.
942 _2lcc
_cBK
_e8th ed.
_n0
999 _c2916
_d2916